01007 2200337 4500001002100000005001500021035002500036008004100061020002200102040001700124082001600141084001800157100002900175245011700204250001100321260004300332300004200375500003000417650002900447700002700476700001200503850001200515007000300527090002200530090002100552999002100573990002100594990001800615990001800633990001800651INLIS00000000000644920200527105914 a0010-061500000000570150616s2014 yoia gr ind d a976-602-9018-79-0 aYOPDYOGbind04222a617.917 a617.917 KHO k0 aKholid Rosyidi MNd1986-00aKonsep kamar operasi dan instrumentasi bedah orthopedi /cKholid Rosyidi MN, M. Hasan Basri; ilustrator, Andy GP aCet. 13 aYogyakarta :bGosyen Publishing,c2014 aVI, 128 halaman :bilustrasi ;c20 cm aBibliografi : halaman 113 4aKamar bedah--xOrthopedi1 aHasan Basri, M.d1973-0 aAndy GP aYOPDYOGta aDEP 617.917 KHO k aCB-D.11 2014-781 aCB-D.11/2014-781 aCB-D.11/2014-781 a11166-PD/B.15 a11167-PD/B.15 a11168-PD/B.15